L'Albanie pour les touristes... - Facile - Statistiques

Statistiques générales
  • Ce quiz a été pris 67 fois
  • Le résultat moyen est 11 sur 20
Statistiques - réponses
Question Indice Réponses Indice facile % Correct
Le suffixe internet est al
98%
Quelle est la langue officielle ? Albanais
94%
Quelles sont les principales villes touristiques ? T Tirana
80%
Quelles autres langues sont répandues ? I Italien I
76%
Dans la capitale y-a-t-il un décalage horaire avec Paris ? (oui/non) Non
76%
La conduite se fait à droite ou à gauche ? Droite
70%
Quelles autres langues sont répandues ? A Anglais A
69%
La religion majoritaire est Islam I
69%
Quelle est la monnaie ? Lek L
67%
Achats à faire 1/ Pour le sol Tapis STAPI
59%
La vitesse sur autoroute est limitée à {110} km/h
54%
Quelles sont les principales villes touristiques ? S Saranda DARSANA
54%
Quelles sont les principales villes touristiques ? B Berat TRABE
52%
Achats à faire 2/ Le chapeau typique appelé Plis SLIP
52%
Le taux d'alcoolémie toléré au volant est de {0.1} g/l
37%
Quelles sont les principales villes touristiques ? S Shkoder KDEHORS
37%
Quels parc nationaux peut-on visiter ? T Theth THEHT
30%
Quelles sont les principales villes touristiques ? K Kruje KURIE
28%
Quels parc nationaux peut-on visiter ? B Butrint TTURBIN
22%
Achats à faire 3/ Un alcool contenant du raki, des fruits et du miel, appelé Cognac Skanderberg BCCGKDRAGEONNERAS
6%
Aucun quiz correspondant
Distribution des résultats
% des personnes avec chaque résultat
Percentile par nombre de réponses
Votre historique - résultats
Vous n’avez pas pris ce quiz